Word Ladder: Proverb 11 Quiz Stats

 Plays Quiz Updated Apr 13, 2017

Support Sporcle.
Go Orange.
Score 0/12 Timer 01:30
0 Plays Today
Clue 3-Letter Word % Correct
Ugly, old womanHAG
94.1%
PigHOG
90.5%
Proverb: Every [rung 1] ___ [rung 8] [rung 12]●HAS●
82.3%
More, in SpanishMÁS
76.2%
Proverb: Every [rung 1] [rung 4] [rung 8] ___●DAY●
75.6%
Proverb: Every ___ [rung 4] [rung 8] [rung 12]●DOG●
72.8%
Method for handy home improvement types (abbrev.)DIY
72%
Proverb: Every [rung 1] [rung 4] ___ [rung 12]●ITS●
70.9%
Yasiin Bey's stage name ___ DefMOS
66.6%
What Apple phones run onIOS
65.6%
Slur or slanderDIS
59.6%
Shaky side effect of alcohol withdrawal (abbrev.)DTS
57.9%

Today's Daily Dose

You're not logged in!

Compare scores with friends on all Sporcle quizzes.
OR
Log In
Forgot?

From the Vault

Famous Quotes About 'I'

by citkeane

I must say...these quotes are inspirational, insightful, and by no means insignificant.
Remove Ads.
Support Sporcle.
Get the best of Sporcle when you Go Orange. This ad-free experience offers more features, more stats, and more fun while also helping to support Sporcle. Thank you for becoming a member.

Show Comments

Extras

Top Quizzes Today


Score Distribution

Your Account Isn't Verified!

In order to create a playlist on Sporcle, you need to verify the email address you used during registration. Go to your Sporcle Settings to finish the process.

Report this User

Report this user for behavior that violates our Community Guidelines.

Details: